000 00574nam a2200181Ia 4500
008 100917s9999 xx 000 0 und d
082 _b39688
100 _aलाटे दिनानाथ
245 _aनच सुंदरी करी कोपा
260 _bसुहास प्रकाशन
_c1976
300 _a220
365 _b12
520 _aकादंबरी
630 _aनच सुंदरी करी कोपा
650 _aकादंबरी
730 _aनच सुंदरी करी कोपा
942 _cBOOK
999 _c645082
_d645079